Hazoor Qalandar Baba Auliya: (Record no. 595044)
[ view plain ]
| 000 -LEADER | |
|---|---|
| fixed length control field | 00493nam a22001337a 4500 |
| 082 ## - DEWEY DECIMAL CLASSIFICATION NUMBER | |
| Classification number | 297.092 |
| Author Mark | AZE |
| 245 ## - TITLE STATEMENT | |
| Title | Hazoor Qalandar Baba Auliya: |
| Remainder of title | hayat, halat, ta'aleemat aur kainat/ |
| Statement of responsibility, etc. | Edited by Yasir Zeshan Azeemi |
| 260 ## - PUBLICATION, DISTRIBUTION, ETC. | |
| Place of publication, distribution, etc. | Karachi : |
| Name of publisher, distributor, etc. | Azeemi University Press, |
| Date of publication, distribution, etc. | 2020. |
| 300 ## - PHYSICAL DESCRIPTION | |
| Extent | 410 p. ; |
| Dimensions | 25 cm. |
| 563 ## - BINDING INFORMATION | |
| Binding note | HBK. |
| 650 ## - SUBJECT ADDED ENTRY--TOPICAL TERM | |
| Topical term or geographic name entry element | Biography |
| 880 ## - ALTERNATE GRAPHIC REPRESENTATION | |
| Linkage | 245-02\r |
| Title | :حضورقلندربابااولیا |
| b | حیات، حالات، تعلیمات اور کائنات |
| 942 ## - ADDED ENTRY ELEMENTS (KOHA) | |
| Source of classification or shelving scheme | |
| Koha item type | Book |
| 650 ## - SUBJECT ADDED ENTRY--TOPICAL TERM | |
| -- | 461 |
| Withdrawn status | Lost status | Source of classification or shelving scheme | Damaged status | Not for loan | Permanent Location | Current Location | Shelving location | Date acquired | Source of acquisition | Total Checkouts | Full call number | Barcode | Date last seen | Price effective from | Koha item type |
|---|---|---|---|---|---|---|---|---|---|---|---|---|---|---|---|
| Central Library (CL) | Central Library (CL) | First Floor - Islam | 06/27/2023 | Donated by Khawaja Shams Ul Deen Azeemi | 297.092 AZE | CL-D-2349 | 11/02/2025 | 06/27/2023 | Book | ||||||
| Central Library (CL) | Central Library (CL) | First Floor - Islam | 06/27/2023 | Donated by Khawaja Shams Ul Deen Azeemi | 297.092 AZE | CL-D-2350 | 06/27/2023 | 06/27/2023 | Book |
